LEADER 00842nam0-22003251i-450- 001 990003099440403321 010 $a0-582-30141-6 035 $a000309944 035 $aFED01000309944 035 $a(Aleph)000309944FED01 035 $a000309944 100 $a20000920d1987----km-y0itay50------ba 101 0 $aeng 102 $aIT 200 1 $aIndustrial Change in the United Kingdom$fedited by William F.Lever. 205 $a1. ed. 210 $aHarlow$cLongmans$d1987. 215 $a272 p.$d24 cm 676 $aF/1.402 676 $aG/1.4 676 $aH/2.14 702 1$aLever,$bWilliam F. 801 0$aIT$bUNINA$gRICA$2UNIMARC 901 $aBK 912 $a990003099440403321 952 $aF/1402 IND$b7489$fSES 959 $aSES 996 $aIndustrial Change in the United Kingdom$9459648 997 $aUNINA DB $aING01 LEADER 01253nam--2200385---450- 001 990005850770203316 005 20130529120613.0 010 $a978-88-07-88043-8 035 $a000585077 035 $aUSA01000585077 035 $a(ALEPH)000585077USA01 035 $a000585077 100 $a20130529d2013----km-y0itay50------ba 101 1 $aita$cpor 102 $aIT 105 $a||||||||001yy 200 1 $a<> libro dell'inquietudine di Bernardo Soares$fFernando Pessoa$gprefazione di Antonio Tabucchi$gcura di Maria José de Lancastre$gtraduzione di Maria José de Lancastre e Antonio Tabucchi 205 $a16. ed 210 $aMilano$cFeltrinelli$d2013 215 $a279 p.$d21 cm 225 2 $aUniversale economica$v1626 410 0$12001$aUniversale economica$v1626 454 0$12001$aLivro do desassossego por Bernardo Soares$914158 606 0 $2BNCF 676 $a869.34 700 1$aPESSOA,$bFernando$0329680 801 0$aIT$bsalbc$gISBD 912 $a990005850770203316 951 $aVI.6.A. 159$b8554 L.M.$cVI.6.A.$d00314690 959 $aBK 969 $aUMA 979 $aPASSARO$b90$c20130529$lUSA01$h1204 979 $aPASSARO$b90$c20130529$lUSA01$h1206 996 $aLivro do desassossego$914158 997 $aUNISA LEADER 03531nam 2200877z- 450 001 9910566462403321 005 20220506 035 $a(CKB)5680000000037757 035 $a(oapen)https://directory.doabooks.org/handle/20.500.12854/81161 035 $a(oapen)doab81161 035 $a(EXLCZ)995680000000037757 100 $a20202205d2022 |y 0 101 0 $aeng 135 $aurmn|---annan 181 $ctxt$2rdacontent 182 $cc$2rdamedia 183 $acr$2rdacarrier 200 00$aApplication of Novel Methods for Mycotoxins Analysis 210 $aBasel$cMDPI - Multidisciplinary Digital Publishing Institute$d2022 215 $a1 online resource (108 p.) 311 08$a3-0365-3523-3 311 08$a3-0365-3524-1 330 $aCrop contamination by mycotoxins is a global problem that poses significant economic burdens due to a number of factors, including the food/feed losses that are caused by reduced production rates; the resulting adverse effects on human and animal health and productivity; and the trade losses associated with the costs incurred by inspection, sampling, and analysis before and after shipments. In this scenario, the development of fit-for-purpose analytical methods for regulated and (re)-emerging mycotoxins continues to be a dynamic research area. Some of the current trends in this research area are presented in this book. The collected contributions address either the need for improved methods for mycotoxin detection addressed by new or incoming regulation (ergot alkaloids and Alternaria toxins) as well as methods for the detection of multiple mycotoxins. New approaches to enhance the performance of well-established methodologies, such as the enzyme-linked immunosorbent assay (ELISA) and fluorescence polarization immunoassays (FPIA), are also addressed. 606 $aAnalytical chemistry$2bicssc 606 $aChemistry$2bicssc 606 $aResearch & information: general$2bicssc 610 $aaflatoxin B1 610 $aalternariol 610 $aantibody 610 $acereal products 610 $acollaborative study 610 $adairy feed 610 $adetection methods 610 $aELISA 610 $aergot alkaloids 610 $aesterification 610 $afood safety 610 $aFPIA 610 $aFusarium toxins 610 $ahapten design 610 $aHPLC 610 $ahydrazinolysis 610 $aI-ELISA 610 $aimmunoassay 610 $aLC-MS/MS method 610 $alinker site 610 $aliquid chromatography-mass spectrometry 610 $amilk powder 610 $amonoclonal antibody (mAb) 610 $amycotoxin 610 $an/a 610 $aoccurrence 610 $aofficial control 610 $aOTA 610 $apeanut 610 $arecombinant AflR gene 610 $asum parameter method 610 $aswine feed 610 $atracer 610 $atrichothecenes 610 $aUHPLC-MS/MS 610 $aVICAM 610 $awheat 610 $awheat flour 610 $azearalenone 615 7$aAnalytical chemistry 615 7$aChemistry 615 7$aResearch & information: general 700 $aCiasca$b Biancamaria$4edt$01280990 702 $aLattanzio$b Veronica Maria Teresa$4edt 702 $aCiasca$b Biancamaria$4oth 702 $aLattanzio$b Veronica Maria Teresa$4oth 906 $aBOOK 912 $a9910566462403321 996 $aApplication of Novel Methods for Mycotoxins Analysis$93017801 997 $aUNINA